000 00531nam a2200145Ia 4500
008 140724s9999 xx 000 0 und d
050 _aT 58.6
_b.V795 2014
100 _aViolan, Master Lance Arvin C.
245 _aVisitor management system of Southville International School and Colleges /
_cMaster Lance Arvin C. Violan.
260 _aLas PiƱas, Philippines :
_bSouthville International School and Colleges,
_cc2014.
300 _a71 p. :
_bill. ;
_c28 cm.
521 _aInformation Technology
942 _cTH
999 _c229314
_d229314